| 000 | 01021nam0a22002891 4500 | ||
|---|---|---|---|
| 001 | rc\4060326 | ||
| 005 | 20130415150607.2 | ||
| 021 |
_aRU _b[47-9876] |
||
| 035 | _a(NLR Aleph) 008112374 | ||
| 090 |
_a9312407 _c9312407 |
||
| 100 | _a20130415d1947 |||y0rusy50 ca | ||
| 101 | 0 | _arus | |
| 102 | _aRU | ||
| 105 | _aa z ||||| | ||
| 200 | 1 | _aПроходка шахт бурением | |
| 210 |
_aМосква _cУглетехиздат _d1947 _gТип. [Высш. парт. школы при ЦК ВКП(б)] |
||
| 215 |
_a147 с., 2 л. черт., табл. _cил. _d22 |
||
| 300 | _aПеред загл. авт.: Г.И. Маньковский | ||
| 320 | _aЛитература: с. 138-45 (84 назв.) | ||
| 606 |
_aШахты _xБурение _2psbo |
||
| 606 |
_aБурение на уголь _2psbo |
||
| 700 | 1 |
_aМаньковский _bГ. И. _f1897-1965 _gГригорий Ильич |
|
| 801 | 0 |
_aRU _bNLR _gpsbo |
|
| 801 | 1 |
_aRU _bELAR _2rusmarc |
|
| 852 |
_aNLR _jТ26 Г-5/118 |
||
| 942 | _cBOOK | ||
| 980 | _aNB | ||